|
|
|
|
| LEADER |
02535nam a2200445 a 4500 |
| 001 |
000000281 |
| 005 |
20071214142047.0 |
| 008 |
050727s1749 xo e lat |
| FMT |
|
|
|
| 040 |
|
|
|a SVKKK
|b slo
|c SVKKK
|e AACR2
|
| 041 |
0 |
|
|a lat
|
| 044 |
|
|
|a xo
|c SK
|
| 080 |
|
|
|a 282
|
| 080 |
|
|
|a 252
|
| 100 |
1 |
|
|a Chrysologus, Peter,
|c sv.,
|d 406-450
|4 aut
|
| 245 |
1 |
0 |
|a Sermones Aurei. Tomulus Primus :
|b Divi Petri Chrysologi Archi - Episcopi Ravennatis, Viri eruditissimi atque Sanctissimi, Sermones Aurei CLXXVI. In Evangelia De Dominicis & festis aliquot solemnioribus totius anni, insignes & pervetusti, Cum triplici Indice, Evangeliorum (et) Epistolarum, Locorum S. Scripturae, Rerumque (et) Verborum in lucem editi. Tomulus Primus, Sermones 85. Complectens.
|
| 260 |
|
|
|a Tyrnaviae :
|b Typis Academicis Societatis Jesu,
|c 1749
|
| 300 |
|
|
|a [22],384, [3],*/8,A/8-Z/8,Aa/8 [=203] list.
|c 8°. 16x11 cm
|
| 500 |
|
|
|a Na zl. */2-*/3 životopis sv. Petra Chrysologa.
|
| 500 |
|
|
|a Vinety ornam., vlys ornam.-fig., linka ozdobná, linky, inic. s ornam. pozadím v rámčeku na 3 r., inic. s ornam.-fig. pozadím v rámčeku na 3 r., verz. vo voľ. priestore na 2, 3 r., titl. list s červeno-čiernou tlačou, tlač. marginálie v lat. jaz., typograf. ozdoby, kustódy.
|
| 504 |
|
|
|a Predmetové registre v závere konvolútu.
|
| 505 |
2 |
|
|a Prom. tlač: Ordódy, Carolus: Conclusiones Ex Universa Theologia.
|
| 508 |
|
|
|a Na zl. */4-*/8 nesignov. úvody.
|
| 510 |
4 |
|
|a Petrik I/419; Hanakovič I/454; Podmanická I/378; Telgársky 246/1742; Telgársky-Banská III/1744; Dokoupil 124/454 [pod Petrus Chrysologus].
|
| 561 |
|
|
|a Peč.: Štátna vedecká knižnica v Košiciach; K. K Rechtsakad. Bibliothek In Kaschau. Tlač. exlibris: Kassai királyi jogakademia Könyvtára Szekrény szám II Osztalyzat b. Rkp.: Colegij Cassoviensis Soctis Jesu 1759.
|
| 563 |
|
|
|a Pôvodná - lepenka, hnedá mramor. koža, chrbát s ornam.-link. slepotlačou a s textom "D. P. Chrysologi Sermones"
|
| 501 |
|
|
|a Prív. 1.: CHRYSOLOGUS, P.: Sermones Aurei. Tomulus Secundus. Tyrnaviae 1749. 8°.
|
| 653 |
1 |
|
|a cirkev rímskokatolícka
|
| 653 |
1 |
|
|a kázne
|
| 653 |
1 |
|
|a reči slávnostné
|
| 700 |
1 |
|
|a Ordódy, Carolus
|4 oth
|
| 710 |
0 |
|
|a Akademická tlačiareň
|c Trnava
|d 1648-1773
|4 prt
|
| 710 |
0 |
|
|a knižnice - Knižnica Právnickej akadémie
|c Košice
|4 sgn
|
| 752 |
|
|
|a Slovensko
|d Trnava
|
| 852 |
|
|
|p B 592b PA
|
| 904 |
|
|
|a acefy----aadia---yyyb-1001--
|
| 905 |
|
|
|a bf-a1cb-
|
| 910 |
|
|
|a svkkk
|
| 998 |
|
|
|a TRNTL
|
| BAS |
|
|
|